| 000 | 00862nam a2200253Ia 4500 | ||
|---|---|---|---|
| 003 | OSt | ||
| 005 | 20220923210952.0 | ||
| 006 | a|||||r|||| 00| 0 | ||
| 007 | ta | ||
| 008 | 220922b |||||||| |||| 00| 0 ger d | ||
| 020 |
_a8126025549 (hbk) _c125 |
||
| 024 | _a243,769 | ||
| 037 |
_b309, 08/10/2010, H.K. Prakashan _cTextual |
||
| 040 |
_aARTS _cARTS _bger |
||
| 041 |
_2ger _ager |
||
| 082 | _aO113,2M98,CC, 153P7 | ||
| 100 |
_aਬਰੈ॥ਤ, ਬਰਤੇਲਤ _9156318 |
||
| 245 | 0 | _aਇੰਜ ਹੋਇਆ ਇਨਸਾਖ਼ | |
| 260 |
_aਦਿੱਲੀ _b ਸਾਹਿਤ ਅਕਾਦੇਮੀ _c2007 |
||
| 300 |
_a151ਪੰ _ccm. |
||
| 650 |
_aਜਰਮਨ ਸਾਹਿਤ _9156665 |
||
| 942 |
_hO113,2M98,CC, 153P7 _cTEXL _2CC |
||
| 999 |
_c293289 _d293289 |
||